000 00501nam a2200181 i 4500
001 63488
003 ES-MaACL
005 20250918063027.0
007 t|
008 031211s1967 sp ||||1| spa d
100 1 _aFerrer-Vidal, Jorge,
_d1926-
_950501
245 1 0 _aDiario de Albatana /
_cJorge Ferrer-Vidal.
250 _a[1ª ed.].
260 _aBarcelona :
_bPlaza & Janés,
_c[1967]
300 _a236 p. ;
_c19 cm.
852 _aES-MaACL
_jC-33349
_bR.63926
999 _c63488
_d63488